Państwa Europy o najniższej średniej wysokości - Statystyki

Ogólne statystyki
  • Ten quiz został rozwiązany 4 269 razy
  • Średni wynik to 8 z 10
Statystyki odpowiedzi
Średnia
wysokość
Państwo % Poprawnych
30 m Holandia
88%
61 m Estonia
86%
110 m Litwa
86%
87 m Łotwa
86%
34 m Dania
81%
48 m Watykan
80%
81 m Monako
74%
118 m Irlandia
70%
126 m Malta
68%
139 m Mołdawia
52%
Nie znaleziono quizów pasujących do podanych kryteriów
Rozkład punktacji
Procent ludzi z każdym wynikiem
Percentyl według liczby udzielonych odpowiedzi
Twoja historia wyników
Nie rozwiązałeś tego quizu